Sin padre, sin marido y sin estado : feministas de las nuevas derechas /

Guardado en:
Detalles Bibliográficos
Autor principal: Vázquez, Melina (autor)
Formato: Libro
Idioma:Español
Publicado: Buenos Aires, Argentina : Siglo XXI, 2025, c2025
Colección:(Singular)
Temas:
Etiquetas: Agrega una etiqueta
Sin etiquetas, Sé el primero en etiquetar este registro!

MARC

LEADER 00000nam^a2200000^a^4500
001 000627541
005 20260204000000.0
009 20260310134056.518
020 |a 978-987-801-483-8 
037 |a Acervo ITESO - Biblioteca 
041 |a ESP 
082 |a 305. 42  |b VAZ 
100 |a Vázquez, Melina  |e (autor) 
245 1 0 |a Sin padre, sin marido y sin estado :  |b feministas de las nuevas derechas /  |c M. Vázquez, C. Spataro. 
264 4 |a Buenos Aires, Argentina :  |b Siglo XXI,  |c 2025, c2025 
300 |a 270 p. 
336 |a texto  |b txt  |2 rdacontenido 
337 |a sin mediación  |b n  |2 rdamedio 
338 |a volumen  |b nc  |2 rdasoporte 
440 1 |a (Singular) 
521 |a FIL 2025 DIA 
649 |a XX 
650 |a Feministas Argentinas 
650 |a Mujeres Argentinas 
650 |a Extrema Derecha -  |z Argentina 
650 |a Derecha, La -  |z Argentina 
650 |a Feminismo -  |z Argentina -  |x Tema Principal 
650 |a Movimientos Sociales -  |z Argentina 
650 |a Conservadurismo -  |z Argentina -  |x Tema Principal 
650 |a Política -  |z Argentina -  |x Historia -  |y Siglo XXI 
650 |a Sociología 
910 |a Fondo General 
920 |a Impresos - Libros 
930 |a Colección General 
905 |a 101 
901 |a 627541-10  |b IT1  |c ACC  |i C192186  |u 20260204 
902 |a https://opac.biblio.iteso.mx/vufind/Record/000627541